Một số bài toán hình học hoạ hình chọn lọc : (có hướng dẫn và lời giải) /

Сохранить в:
Библиографические подробности
Главный автор: Đoàn Hiền
Формат:
Язык:Vietnamese
Опубликовано: Giáo dục 2004
Метки: Добавить метку
Нет меток, Требуется 1-ая метка записи!
Thư viện lưu trữ: Mạng thư viện Đại học Đà Nẵng
LEADER 00680nam a2200265 4500
001 000027249
003 ĐO-HH
005 20150403120000.0
008 150403s vm 000 vie
020 |c 0,0000 
040 |a notts 
100 |a Đoàn Hiền 
245 |a Một số bài toán hình học hoạ hình chọn lọc : (có hướng dẫn và lời giải) /  |c Đoàn Hiền. 
260 |b Giáo dục  |c 2004 
OWN |a LTT 
999 |a From the UDN01 
TYP |a Monograph 
TYP |a Printed language 
980 |a Mạng thư viện Đại học Đà Nẵng